<?xml version="1.0" encoding="UTF-8"?><?xml-stylesheet type="text/xsl" href="static/style.xsl"?><OAI-PMH xmlns="http://www.openarchives.org/OAI/2.0/" xmlns:xsi="http://www.w3.org/2001/XMLSchema-instance" xsi:schemaLocation="http://www.openarchives.org/OAI/2.0/ http://www.openarchives.org/OAI/2.0/OAI-PMH.xsd"><responseDate>2026-04-17T02:24:17Z</responseDate><request verb="GetRecord" identifier="oai:www.recercat.cat:2445/136699" metadataPrefix="marc">https://recercat.cat/oai/request</request><GetRecord><record><header><identifier>oai:recercat.cat:2445/136699</identifier><datestamp>2025-12-05T10:31:25Z</datestamp><setSpec>com_2072_1057</setSpec><setSpec>col_2072_478770</setSpec><setSpec>col_2072_478917</setSpec></header><metadata><record xmlns="http://www.loc.gov/MARC21/slim" xmlns:dcterms="http://purl.org/dc/terms/" xmlns:xsi="http://www.w3.org/2001/XMLSchema-instance" xmlns:doc="http://www.lyncode.com/xoai" xsi:schemaLocation="http://www.loc.gov/MARC21/slim http://www.loc.gov/standards/marcxml/schema/MARC21slim.xsd">
   <leader>00925njm 22002777a 4500</leader>
   <datafield ind2=" " ind1=" " tag="042">
      <subfield code="a">dc</subfield>
   </datafield>
   <datafield ind2=" " ind1=" " tag="720">
      <subfield code="a">Narotzky, Susana, 1958-</subfield>
      <subfield code="e">author</subfield>
   </datafield>
   <datafield ind2=" " ind1=" " tag="260">
      <subfield code="c">2019-07-08T14:16:44Z</subfield>
   </datafield>
   <datafield ind2=" " ind1=" " tag="260">
      <subfield code="c">2019-07-08T14:16:44Z</subfield>
   </datafield>
   <datafield ind2=" " ind1=" " tag="260">
      <subfield code="c">2012</subfield>
   </datafield>
   <datafield ind2=" " ind1=" " tag="260">
      <subfield code="c">2019-07-08T14:16:45Z</subfield>
   </datafield>
   <datafield ind2=" " ind1=" " tag="520">
      <subfield code="a">[eng] This article proposes a new approach to economic processes, one that is grounded in anthropological knowledge. The chaotic management of the crisis expresses the failure of the dominant "economic" paradigm. The time seems ripe for a new methodology and a different theoretical framework altogether. It is time for "Economic" knowledge to address an entire realm of economic behavior that is central to how people deal with their material needs and expectations. Going back to the origins of anthropological approaches to economic practices, we need to observe and listen; we need to hear what people are saying with their actions and arguments about their actions. At the same time we also need to articulate these practices and understandings with other scales of action and meaning, with other logics. [por] O artigo propõe uma nova abordagem aos processos económicos, fundamentada no conhecimento antropológico. A gestão caótica da crise demonstra o fracasso do paradigma "económico" dominante. O momento atual exige uma metodologia nova e um enquadramento teórico completamente diferente. Está na altura de o conhecimento "Económico" se voltar para todo um universo de comportamento económico que é central na forma como as pessoas lidam com as suas e expectativas e necessidades materiais. Regressando às origens das aproximações antropológicas às práticas económicas, precisamos de observar e ouvir, temos de escutar o que as pessoas dizem com as suas ações e os seus discursos sobre as mesmas. Simultaneamente, devemos articular estas práticas e conceções com outras dimensões da ação e do significado, com outras lógicas.</subfield>
   </datafield>
   <datafield tag="653" ind2=" " ind1=" ">
      <subfield code="a">Antropologia econòmica</subfield>
   </datafield>
   <datafield tag="653" ind2=" " ind1=" ">
      <subfield code="a">Crisi econòmica, 2008-2009</subfield>
   </datafield>
   <datafield tag="653" ind2=" " ind1=" ">
      <subfield code="a">Institucions públiques</subfield>
   </datafield>
   <datafield tag="653" ind2=" " ind1=" ">
      <subfield code="a">Risc de crèdit</subfield>
   </datafield>
   <datafield tag="653" ind2=" " ind1=" ">
      <subfield code="a">Metodologia</subfield>
   </datafield>
   <datafield tag="653" ind2=" " ind1=" ">
      <subfield code="a">Europa</subfield>
   </datafield>
   <datafield tag="653" ind2=" " ind1=" ">
      <subfield code="a">Economic anthropology</subfield>
   </datafield>
   <datafield tag="653" ind2=" " ind1=" ">
      <subfield code="a">Global Financial Crisis, 2008-2009</subfield>
   </datafield>
   <datafield tag="653" ind2=" " ind1=" ">
      <subfield code="a">Public institutions</subfield>
   </datafield>
   <datafield tag="653" ind2=" " ind1=" ">
      <subfield code="a">Credit risk</subfield>
   </datafield>
   <datafield tag="653" ind2=" " ind1=" ">
      <subfield code="a">Methodology</subfield>
   </datafield>
   <datafield tag="653" ind2=" " ind1=" ">
      <subfield code="a">Europe</subfield>
   </datafield>
   <datafield ind2="0" ind1="0" tag="245">
      <subfield code="a">Europe in crisis: grassroots economies and the anthropological turn</subfield>
   </datafield>
</record></metadata></record></GetRecord></OAI-PMH>